<?xml version="1.0" encoding="UTF-8"?>
<collection xmlns="http://www.loc.gov/MARC21/slim">
 <record>
  <leader>01253nas a22002777a 4500</leader>
  <controlfield tag="001">000177944</controlfield>
  <controlfield tag="003">CZ-PrVSE</controlfield>
  <controlfield tag="005">20110620100154.0</controlfield>
  <controlfield tag="007">ta</controlfield>
  <controlfield tag="008">101025d19281938xr mr|p r     0    0fre d</controlfield>
  <datafield tag="015" ind1=" " ind2=" ">
   <subfield code="a">cnb002590982</subfield>
  </datafield>
  <datafield tag="040" ind1=" " ind2=" ">
   <subfield code="a">ABA006</subfield>
   <subfield code="b">cze</subfield>
   <subfield code="c">ABA006</subfield>
   <subfield code="d">ABA006</subfield>
  </datafield>
  <datafield tag="041" ind1="0" ind2=" ">
   <subfield code="a">fre</subfield>
   <subfield code="a">ger</subfield>
   <subfield code="a">eng</subfield>
  </datafield>
  <datafield tag="245" ind1="0" ind2="0">
   <subfield code="a">Banque Nationale de Tchécoslovaquie =</subfield>
   <subfield code="b">Čechoslovakische Nationalbank = National Bank of Czechoslovakia : bulletin</subfield>
  </datafield>
  <datafield tag="246" ind1="3" ind2="1">
   <subfield code="a">Čechoslovakische Nationalbank</subfield>
  </datafield>
  <datafield tag="246" ind1="3" ind2="1">
   <subfield code="a">National Bank of Czechoslovakia</subfield>
  </datafield>
  <datafield tag="246" ind1="3" ind2=" ">
   <subfield code="a">Bulletin de la Banque Nationale de Tchécoslovaquie</subfield>
  </datafield>
  <datafield tag="260" ind1=" " ind2=" ">
   <subfield code="a">Prague :</subfield>
   <subfield code="b">Banque Nationale de Tchécoslovaquie,</subfield>
   <subfield code="c">1928-1938</subfield>
  </datafield>
  <datafield tag="310" ind1=" " ind2=" ">
   <subfield code="a">1x měsíčně</subfield>
  </datafield>
  <datafield tag="546" ind1=" " ind2=" ">
   <subfield code="a">Souběžný francouzský, německý a anglický text</subfield>
  </datafield>
  <datafield tag="710" ind1="2" ind2=" ">
   <subfield code="a">Národní banka Československá (1926-1939)</subfield>
   <subfield code="7">ko2006315815</subfield>
  </datafield>
  <datafield tag="993" ind1=" " ind2=" ">
   <subfield code="a">006212926</subfield>
  </datafield>
  <datafield tag="996" ind1=" " ind2=" ">
   <subfield code="1">PKHD</subfield>
   <subfield code="3">B1615</subfield>
   <subfield code="4">N:G</subfield>
   <subfield code="5">3142901480</subfield>
   <subfield code="7">Č. 142-164 (8-12/1938)</subfield>
   <subfield code="8">20110112</subfield>
   <subfield code="a">1938</subfield>
   <subfield code="b">1938</subfield>
   <subfield code="c">142-146</subfield>
   <subfield code="f">85</subfield>
   <subfield code="h">Č. 142-164 (8-12/1938)</subfield>
   <subfield code="l">UEP01</subfield>
   <subfield code="m">ISSBD</subfield>
   <subfield code="q">KHD</subfield>
   <subfield code="t">prezenční</subfield>
   <subfield code="u">UEP01</subfield>
   <subfield code="w">20110223</subfield>
  </datafield>
  <datafield tag="996" ind1=" " ind2=" ">
   <subfield code="1">PKHD</subfield>
   <subfield code="3">B1615</subfield>
   <subfield code="5">3142904360</subfield>
   <subfield code="7">Č. 63, 65-74 (1, 3-12/1932)</subfield>
   <subfield code="8">20211013</subfield>
   <subfield code="a">1932</subfield>
   <subfield code="b">1932</subfield>
   <subfield code="c">63-74</subfield>
   <subfield code="f">85</subfield>
   <subfield code="h">Č. 63, 65-74 (1, 3-12/1932)</subfield>
   <subfield code="l">UEP01</subfield>
   <subfield code="m">ISSBD</subfield>
   <subfield code="q">KHD</subfield>
   <subfield code="t">prezenční</subfield>
   <subfield code="u">UEP01</subfield>
   <subfield code="w">20211013</subfield>
  </datafield>
 </record>
</collection>
